00843nam a2200241Ia 4500001000600000003000900006008004100015040001300056040001300069041001300082100001900095100002900114245011600143245003500259250001100294260001200305260001400317260004900331300005900380500009600439650003500535650003100570F3574IT-RoPAU130308s9999 xx 000 0 und d aIT-RoPAU cIT-RoPAU aITALIANO aDonà Massimo gCodice Aut. SPICS: 33548 a"Di una indifferente alterità. al di là del ""comunicare"": in margine all'enigma dell'esperienza estetica" bEstetica-1997-La Comunicazione a1a ed. aBOLOGNA bIl Mulino c1998 [1° Ed.:1998 - Ed.Ling.Originale:1998] a"35 p. (prefazione: no ; testo: 35 [pagine: 165-199])" aInformare: mettere in Forma. Comunicare: mettere in Comune. Esperienza Estetica dell'arte . aSAGGI DI COMUNICAZIONE SOCIALE eCodice materia Spics: 3807